[Event "EU-ch U10"]
[Site "Verdun"]
[Date "1995.??.??"]
[EventDate "?"]
[Round "6"]
[Result "1/2-1/2"]
[White "Jan Smeets"]
[Black "Arkadij Naiditsch"]
[WhiteElo "2632"]
[BlackElo "2697"]
[PlyCount "123"]

1.e4 d6 2.d4 Nf6 3.f3 g6 4.Be3 Bg7 5.c4 O-O 6.Nc3 c5 7.dxc5
dxc5 8.Qxd8 Rxd8 9.Bxc5 Nc6 10.Nge2 b6 11.Ba3 Ba6 12.Ng3 Nd4
13.O-O-O e5 14.b3 Rac8 15.Kb2 Rd7 16.Nge2 Rcd8 17.Nxd4 exd4
18.Nd5 b5 19.Bd3 Rb8 20.Nxf6+ Bxf6 21.cxb5 Bxb5 22.Bxb5 Rxb5
23.Rd3 Rc7 24.Rc1 Rc3 25.Rcxc3 dxc3+ 26.Kb1 Ra5 27.Bd6 c2+
28.Kxc2 Rxa2+ 29.Kd1 Rxg2 30.Rd2 Rg1+ 31.Ke2 Rb1 32.Rd3 Rb2+
33.Ke3 h5 34.Bg3 h4 35.Bd6 g5 36.b4 Bd8 37.Rd2 Rb1 38.Rg2 Bb6+
39.Bc5 f6 40.Bxb6 axb6 41.f4 Rb3+ 42.Kf2 Rxb4 43.Kf3 h3 44.Re2
gxf4 45.Kxf4 Kf7 46.Re3 Ke6 47.Rxh3 Rb1 48.Rh8 b5 49.Kf3 b4
50.Rb8 b3 51.h4 b2 52.Kg2 Kf7 53.Rb5 Kg6 54.Kh2 Re1 55.Rxb2
Rxe4 56.Kg3 f5 57.Rb6+ Kh5 58.Rb5 Rg4+ 59.Kf3 Kg6 60.Rb6+ Kf7
61.Rb5 Ke6 62.Rb6+ 1/2-1/2

[Event "NRW-Cup Masters op"]
[Site "Muenster"]
[Date "1997.??.??"]
[EventDate "?"]
[Round "9"]
[Result "0-1"]
[White "Oksana Sarana-Hungeling"]
[Black "Arkadij Naiditsch"]
[WhiteElo "2237"]
[BlackElo "2697"]
[PlyCount "50"]

1.d4 Nf6 2.c4 g6 3.f3 Bg7 4.e4 d6 5.Nc3 O-O 6.Be3 c5 7.dxc5
dxc5 8.Qxd8 Rxd8 9.Bxc5 Nc6 10.Nge2 b6 11.Ba3 Ba6 12.Nd5 Bxc4
13.Nxe7+ Nxe7 14.Bxe7 Re8 15.Ba3 Nxe4 16.fxe4 Rxe4 17.Kf2 Rae8
18.Nc3 Bd4+ 19.Kf3 Re3+ 20.Kf4 Bxc3 21.Bxc4 R8e4+ 22.Kg5 Kg7
23.Bf8+ Kxf8 24.Bxf7 Kg7 25.Bxg6 Bf6+ 0-1

[Event "2nd OIBM"]
[Site "Bad Wiessee GER"]
[Date "1998.12.02"]
[EventDate "?"]
[Round "5"]
[Result "1-0"]
[White "Zurab Sturua"]
[Black "Arkadij Naiditsch"]
[WhiteElo "2600"]
[BlackElo "2390"]
[PlyCount "53"]

1. e4 c5 2. Ne2 e6 3. Nbc3 a6 4. d4 cxd4 5. Nxd4 b5 6. Bd3 Qb6
7. Nb3 Qc7 8. O-O Bb7 9. Qe2 b4 10. Nd1 Nf6 11. f4 Be7 12. Nf2
d5 13. e5 Nfd7 14. Be3 Nc6 15. Rac1 g5 16. fxg5 Ndxe5 17. Ng4
Nxg4 18. Qxg4 Qe5 19. Rce1 Qg7 20. Kh1 Rc8 21. Qh5 a5 22. Nc5
Bxc5 23. Bxc5 Nd8 24. Bb6 Rf8 25. Bxa5 Nc6 26. Rxe6+ Kd7
27. Ref6 1-0

[Event "26. IDS IM"]
[Site "Dortmund (Opernhaus)"]
[Date "1998.??.??"]
[EventDate "1998.06.??"]
[Round "1"]
[Result "1-0"]
[White "Arkadij Naiditsch"]
[Black "Romuald Mainka"]
[WhiteElo "2255"]
[BlackElo "2500"]
[PlyCount "69"]

1. e4 e5 2. Nf3 Nc6 3. Bb5 a6 4. Bxc6 dxc6 5. O-O Qd6 6. Na3
b5 7. c3 c5 8. Nc2 Bb7 9. Re1 Ne7 10. a4 Ng6 11. axb5 axb5
12. Rxa8+ Bxa8 13. d4 Qd7 14. Nxe5 Nxe5 15. dxe5 Qxd1 16. Rxd1
Bxe4 17. Ne3 c4 18. Nd5 c6 19. Nc7+ Ke7 20. Be3 Bd3 21. Ra1 f6
22. e6 g5 23. Bc5+ Kd8 24. Bb6 Kc8 25. Ra8+ Kb7 26. Ba5 Bg6
27. e7 Bg7 28. e8=Q Bxe8 29. Rxe8 Rxe8 30. Nxe8 Bf8 31. Bd8
Kc8 32. Bxf6 Kd7 33. Ng7 c5 34. Nh5 h6 35. Bg7 1-0

[Event "Budapest FS04 GM"]
[Site "Budapest"]
[Date "1998.04.04"]
[EventDate "?"]
[Round "6"]
[Result "1-0"]
[White "Arkadij Naiditsch"]
[Black "Alex Sherzer"]
[WhiteElo "2657"]
[BlackElo "2504"]
[PlyCount "149"]

1.e4 e6 2.d3 c5 3.Nf3 Nc6 4.g3 g6 5.Bg5 Qb6 6.Nbd2 d5 7.Bg2
Bg7 8.O-O h6 9.Be3 Nge7 10.exd5 exd5 11.Rb1 Nf5 12.Bf4 g5
13.Re1+ Be6 14.Be5 Nxe5 15.Nxe5 O-O 16.c3 Qd6 17.f4 f6 18.Ng6
Rfe8 19.g4 Ne7 20.Nxe7+ Rxe7 21.f5 Bf7 22.Rxe7 Qxe7 23.Qe1 Qd7
24.Qf2 Bf8 25.Nf1 Bd6 26.Ng3 Qa4 27.Nh5 Be5 28.Re1 Qxg4
29.Rxe5 Qxh5 30.Re7 b6 31.Bf3 g4 32.Qg2 Qxf5 33.Bxg4 Qg5 34.h4
Qc1+ 35.Kh2 Qf4+ 36.Kh3 Bg6 37.Qxd5+ Kf8 38.Qxa8+ Kxe7
39.Qxa7+ Kf8 40.Qa8+ Kg7 41.Qg2 Qe3+ 42.Kh2 h5 43.Be2 Kh6
44.Qf3 Qe5+ 45.Kg2 Bf7 46.Kf1 Bxa2 47.Qe4 Qg3 48.c4 Bb3 49.Bf3
Qe5 50.Qa8 Kg7 51.Qb7+ Kh6 52.Qc8 Kg7 53.Qd7+ Kg6 54.Qd8 Kf5
55.Qh8 Kf4 56.Qxh5 f5 57.Be2 Ke3 58.Qf3+ Kd2 59.Qf2 Kc1 60.h5
Kxb2 61.Bg4+ Kc3 62.Qe1+ Qxe1+ 63.Kxe1 fxg4 64.h6 Kxd3 65.h7
Bxc4 66.h8=Q b5 67.Qh7+ Kc3 68.Qg7+ Kd3 69.Qg6+ Kc3 70.Qf6+
Kb3 71.Kd2 g3 72.Qf3+ Kb4 73.Qxg3 Ka5 74.Kc3 Ka4 75.Qc7 1-0

[Event "Budapest FS02 GM"]
[Site "Budapest"]
[Date "1998.02.17"]
[EventDate "?"]
[Round "11"]
[Result "1-0"]
[White "Arkadij Naiditsch"]
[Black "Hoang Thanh Trang"]
[WhiteElo "2255"]
[BlackElo "2350"]
[PlyCount "45"]

1. e4 e6 2. d4 d5 3. Nc3 Nf6 4. Bg5 Be7 5. e5 Nfd7 6. Bxe7
Qxe7 7. f4 a6 8. Nf3 c5 9. dxc5 Nxc5 10. Qd2 Nc6 11. O-O-O Bd7
12. h4 O-O 13. f5 exf5 14. Nxd5 Qd8 15. Qe3 Qa5 16. Nf6+ gxf6
17. exf6 Ne6 18. Qh6 Nb4 19. Ng5 Nxa2+ 20. Kb1 Nc3+ 21. bxc3
Qb6+ 22. Bb5 Qxb5+ 23. Kc1 1-0

[Event "Hoogovens op-C"]
[Site "Wijk aan Zee NED"]
[Date "1999.??.??"]
[EventDate "?"]
[Round "5"]
[Result "1/2-1/2"]
[White "Arkadij Naiditsch"]
[Black "Rob Bertholee"]
[WhiteElo "2657"]
[BlackElo "2382"]
[PlyCount "69"]

1.e4 e5 2.Nf3 Nc6 3.Bb5 Nf6 4.O-O Nxe4 5.Re1 Nd6 6.Nxe5 Be7
7.Bf1 Nxe5 8.Rxe5 O-O 9.Nc3 Ne8 10.d4 Bf6 11.Re1 d5 12.Bd3 g6
13.Ne2 Ng7 14.c3 Re8 15.Bh6 Bg5 16.Bxg5 Qxg5 17.Qb3 c6 18.Ng3
h5 19.Rxe8+ Nxe8 20.Re1 Nd6 21.Qb4 Qd2 22.Rf1 Qxd3 23.Qxd6 Bg4
24.Qe7 h4 25.Qxh4 Be2 26.Nxe2 Qxe2 27.f4 Qxb2 28.f5 Qxc3
29.fxg6 Qe3+ 30.Kh1 fxg6 31.Qf6 Qh6 32.Qf7+ Kh8 33.Rf4 g5
34.Rf3 g4 35.Rf5 1/2-1/2

[Event "Sportland-NRW-Cup"]
[Site "Senden"]
[Date "1999.??.??"]
[EventDate "?"]
[Round "9"]
[Result "1/2-1/2"]
[White "Romuald Mainka"]
[Black "Arkadij Naiditsch"]
[WhiteElo "2521"]
[BlackElo "2697"]
[PlyCount "39"]

1.e4 c5 2.Nf3 d6 3.d4 cxd4 4.Nxd4 Nf6 5.Nc3 a6 6.Be2 e5 7.Nb3
Be7 8.O-O O-O 9.Be3 Be6 10.f4 exf4 11.Bxf4 Nc6 12.Kh1 d5 13.e5
Nd7 14.Nxd5 Ndxe5 15.c4 Bg5 16.Nc5 Bxf4 17.Nxe6 fxe6 18.Nxf4
Rf6 19.Nh5 Rxf1+ 20.Qxf1 1/2-1/2

[Event "Master Tournament"]
[Site "Dortmund GER"]
[Date "1999.07.12"]
[EventDate "1999.07.09"]
[Round "4"]
[Result "0-1"]
[White "Arkadij Naiditsch"]
[Black "Eckhard Schmittdiel"]
[WhiteElo "2417"]
[BlackElo "2505"]
[PlyCount "108"]

1. e4 c5 2. Nf3 e6 3. d3 d5 4. Qe2 Nf6 5. g3 Be7 6. Bg2 Nc6
7. O-O O-O 8. e5 Nd7 9. c4 Re8 10. Nc3 d4 11. Nb1 Rb8 12. h4
b5 13. cxb5 Rxb5 14. Na3 Rb8 15. Bg5 Ba6 16. Bxe7 Qxe7
17. Rfc1 Nb4 18. Nc4 Bxc4 19. Rxc4 Nb6 20. Rcc1 Na4 21. Ng5 f6
22. Ne4 Nd5 23. Qc2 Qd7 24. exf6 Rxb2 25. Nxc5 Rxc2 26. Nxd7
Rxc1+ 27. Rxc1 Nac3 28. Rc2 gxf6 29. Rb2 Re7 30. Nb8 e5 31. a4
Rc7 32. a5 Kf7 33. Na6 Re7 34. Nc5 f5 35. a6 Rc7 36. Rb7 Ke7
37. Nb3 Kd6 38. Rb8 Re7 39. Rd8+ Rd7 40. Rxd7+ Kxd7 41. f4
exf4 42. Nxd4 fxg3 43. Nxf5 Ne2+ 44. Kf1 Ndf4 45. Bf3 Ke6
46. Ng7+ Kf6 47. Nh5+ Kg6 48. d4 g2+ 49. Bxg2 Nxg2 50. Kxe2
Kxh5 51. Kf3 Nxh4+ 52. Ke4 Kg6 53. Ke5 Kf7 54. Kd5 Nf5 0-1

[Event "German Chess Championships"]
[Site "Seebad Heringsdorf GER"]
[Date "2000.11.18"]
[EventDate "2000.11.17"]
[Round "2"]
[Result "1/2-1/2"]
[White "Arkadij Naiditsch"]
[Black "Alexander (Nenashev) Graf"]
[WhiteElo "2449"]
[BlackElo "2642"]
[PlyCount "69"]

1. e4 e5 2. Nf3 Nc6 3. Bb5 a6 4. Bxc6 dxc6 5. O-O f6 6. d4
exd4 7. Nxd4 c5 8. Ne2 Qxd1 9. Rxd1 Bd7 10. Be3 O-O-O 11. Nbc3
Re8 12. Rd2 Bc6 13. Rad1 b6 14. f3 Ne7 15. Nf4 Ng6 16. Nxg6
hxg6 17. Bf4 Be7 18. Nd5 Bd8 19. c4 f5 20. Re2 fxe4 21. fxe4
Bd7 22. Rde1 Be6 23. b3 g5 24. Bg3 Bg4 25. Rd2 Bh5 26. Rf2 Bg6
27. e5 Re6 28. Ref1 Rhe8 29. Ne3 Rg8 30. h3 Ree8 31. Nf5 Kd7
32. Rd2+ Kc8 33. Bh2 Re6 34. g4 Be8 35. Rfd1 1/2-1/2

[Event "Sparkassen Match"]
[Site "Dortmund GER"]
[Date "2001.07.12"]
[EventDate "2001.07.12"]
[Round "1"]
[Result "1-0"]
[White "Arkadij Naiditsch"]
[Black "Almira Skripchenko"]
[WhiteElo "2524"]
[BlackElo "2494"]
[PlyCount "93"]

1. e4 c5 2. Nf3 e6 3. d4 cxd4 4. Nxd4 Nc6 5. Nb5 d6 6. c4 Nf6
7. N1c3 a6 8. Na3 Be7 9. Be2 O-O 10. O-O b6 11. Be3 Bb7
12. Qb3 Nd7 13. Rfd1 Nc5 14. Qc2 Rc8 15. Rac1 Qc7 16. Nab1 Qb8
17. a3 Bd8 18. b4 Nd7 19. Nd2 Bc7 20. Kh1 Rfd8 21. Nf1 Ne7
22. Qb3 h6 23. Ng3 Qa8 24. f3 Qb8 25. Nh5 Nf8 26. Qb2 e5
27. Nd5 Nxd5 28. exd5 g6 29. Ng3 f5 30. Bxh6 Rd7 31. f4 e4
32. Nf1 Rh7 33. Bg5 Nd7 34. Ne3 Kf7 35. c5 bxc5 36. bxc5 Qa7
37. Qc3 Rch8 38. h3 Qxc5 39. Qd2 Qb6 40. Bf1 Nc5 41. Nc4 Qb3
42. Rc3 Qa4 43. Rb1 Rf8 44. Ne5+ Kg8 45. Rxc5 dxc5 46. d6
Rxh3+ 47. Kg1 1-0

[Event "Sparkassen Match"]
[Site "Dortmund GER"]
[Date "2001.07.13"]
[EventDate "2001.07.12"]
[Round "2"]
[Result "0-1"]
[White "Almira Skripchenko"]
[Black "Arkadij Naiditsch"]
[WhiteElo "2494"]
[BlackElo "2524"]
[PlyCount "70"]

1. e4 c5 2. Nf3 d6 3. d4 cxd4 4. Nxd4 Nf6 5. Nc3 a6 6. Be3 e5
7. Nb3 Be6 8. f3 Nbd7 9. Qd2 b5 10. O-O-O Rc8 11. Kb1 Nb6
12. Qf2 Nfd7 13. Nd5 Bxd5 14. exd5 Nc4 15. Bc1 Qb6 16. Qe1 Be7
17. g4 O-O 18. h4 b4 19. Bd3 Rc7 20. g5 a5 21. h5 a4 22. Nd4
Na3+ 23. bxa3 exd4 24. axb4 a3 25. Bxa3 Bxg5 26. f4 Rc3
27. Bb2 Qxb4 28. Ka1 Ra8 29. fxg5 Nc5 30. Bxh7+ Kxh7 31. g6+
Kh8 32. h6 Rxa2+ 33. Kxa2 Qa4+ 34. Kb1 Qxc2+ 35. Ka2 Ra3+ 0-1

[Event "Sparkassen Match"]
[Site "Dortmund GER"]
[Date "2001.07.14"]
[EventDate "2001.07.12"]
[Round "3"]
[Result "1/2-1/2"]
[White "Arkadij Naiditsch"]
[Black "Almira Skripchenko"]
[WhiteElo "2524"]
[BlackElo "2494"]
[PlyCount "111"]

1. e4 c5 2. Nf3 e6 3. d4 cxd4 4. Nxd4 Nc6 5. Nb5 d6 6. c4 Nf6
7. N1c3 a6 8. Na3 Be7 9. Be2 O-O 10. O-O b6 11. Be3 Ne5 12. f3
Ned7 13. Qd2 Bb7 14. Rfd1 Qc7 15. Rac1 Rac8 16. Qe1 Rfe8
17. Kh1 Qb8 18. Qg1 d5 19. cxd5 exd5 20. exd5 b5 21. d6 Bxd6
22. Nc2 b4 23. Ne4 Nxe4 24. fxe4 Nf6 25. Nd4 Rxc1 26. Rxc1
Bxe4 27. Bf3 Bxh2 28. Qxh2 Qxh2+ 29. Kxh2 Bxf3 30. gxf3 Rxe3
31. Rc4 a5 32. Rc8+ Re8 33. Rxe8+ Nxe8 34. Nc6 Nc7 35. Nxa5
Nd5 36. Nc6 f6 37. a3 bxa3 38. bxa3 Nb6 39. Kg3 Kf7 40. Nd4 g6
41. Kf4 Ke7 42. Ke4 Kd6 43. f4 Nd7 44. Ke3 Nc5 45. Nb5+ Kc6
46. Nc3 h5 47. Kf3 Kd6 48. a4 g5 49. fxg5 fxg5 50. a5 Ke5
51. Kg3 Kd4 52. Ne2+ Kc4 53. a6 Nxa6 54. Nf4 h4+ 55. Kg4 gxf4
56. Kxf4 1/2-1/2

[Event "Sparkassen Match"]
[Site "Dortmund GER"]
[Date "2001.07.15"]
[EventDate "2001.07.12"]
[Round "4"]
[Result "1/2-1/2"]
[White "Almira Skripchenko"]
[Black "Arkadij Naiditsch"]
[WhiteElo "2494"]
[BlackElo "2524"]
[PlyCount "47"]

1. e4 c5 2. Nf3 d6 3. d4 cxd4 4. Nxd4 Nf6 5. Nc3 a6 6. Be3 e5
7. Nb3 Be6 8. f3 Nbd7 9. Qd2 b5 10. a4 b4 11. Nd5 Bxd5
12. exd5 Nb6 13. Bxb6 Qxb6 14. a5 Qb7 15. Bc4 Be7 16. Ra4 Rb8
17. Nc1 O-O 18. Na2 Nd7 19. b3 e4 20. O-O Bd8 21. Kh1 Nc5
22. Rxb4 Bxa5 23. Rxb7 Bxd2 24. Rxb8 1/2-1/2

[Event "Sparkassen Match"]
[Site "Dortmund GER"]
[Date "2001.07.16"]
[EventDate "2001.07.12"]
[Round "5"]
[Result "1/2-1/2"]
[White "Arkadij Naiditsch"]
[Black "Almira Skripchenko"]
[WhiteElo "2524"]
[BlackElo "2494"]
[PlyCount "91"]

1. e4 c5 2. Nf3 e6 3. d4 cxd4 4. Nxd4 Nf6 5. Nc3 Nc6 6. Ndb5
d6 7. Bf4 e5 8. Bg5 a6 9. Na3 b5 10. Bxf6 gxf6 11. Nd5 Bg7
12. c3 f5 13. exf5 Bxf5 14. Nc2 Be6 15. Nce3 Ne7 16. g3 Nxd5
17. Nxd5 O-O 18. Bg2 a5 19. O-O Rb8 20. Qd2 f5 21. f4 Qd7
22. Kh1 Kh8 23. Rad1 e4 24. g4 b4 25. gxf5 Bxd5 26. Qxd5 bxc3
27. bxc3 Qxf5 28. Qxf5 Rxf5 29. Bxe4 Rf6 30. Rf2 Rc8 31. Rd5
Rc4 32. Bf5 Rc5 33. Rxc5 dxc5 34. Bc2 Rb6 35. Re2 Bxc3
36. Re8+ Kg7 37. Re7+ Kf6 38. Rxh7 Rb2 39. Bb3 Bd4 40. Rf7+
Kg6 41. Be6 Re2 42. f5+ Kg5 43. Rb7 Kg4 44. Rb1 Kh3 45. Rb3+
Kg4 46. Rb1 1/2-1/2

[Event "Sparkassen Match"]
[Site "Dortmund GER"]
[Date "2001.07.18"]
[EventDate "2001.07.12"]
[Round "6"]
[Result "0-1"]
[White "Almira Skripchenko"]
[Black "Arkadij Naiditsch"]
[WhiteElo "2494"]
[BlackElo "2524"]
[PlyCount "98"]

1. e4 c5 2. Nc3 d6 3. Nge2 Nf6 4. d3 g6 5. g3 Bg7 6. Bg2 Nc6
7. h3 Rb8 8. f4 Nd7 9. O-O O-O 10. g4 b5 11. f5 b4 12. Nd5 e6
13. Ne3 Nd4 14. Nf4 Ne5 15. Bd2 Bd7 16. Qe1 Bf6 17. Ne2 Bh4
18. Qd1 a5 19. Nxd4 cxd4 20. Nc4 Bg5 21. Bxg5 Qxg5 22. Nxe5
dxe5 23. f6 Rfc8 24. Kh2 Rc5 25. Rf2 Rbc8 26. b3 Rc3 27. Rb1
Kh8 28. Ra1 h5 29. Kg3 h4+ 30. Kh2 Bb5 31. Rb1 Kh7 32. Ra1 Qh6
33. Rb1 R8c5 34. Ra1 g5 35. Bf1 Qf8 36. Qd2 Kh6 37. Re1 a4
38. Qd1 Qa8 39. Qb1 Rc7 40. Qd1 axb3 41. axb3 Qa2 42. Ree2 Qb2
43. Qd2 Qb1 44. Kg2 Rc8 45. Kh2 Ra8 46. Re1 Qb2 47. Rg2 Ra2
48. Ree2 Qb1 49. Ref2 Raxc2 0-1

[Event "Sparkassen Match"]
[Site "Dortmund GER"]
[Date "2001.07.20"]
[EventDate "2001.07.12"]
[Round "8"]
[Result "1/2-1/2"]
[White "Almira Skripchenko"]
[Black "Arkadij Naiditsch"]
[WhiteElo "2494"]
[BlackElo "2524"]
[PlyCount "77"]

1. e4 c5 2. Nf3 d6 3. d4 cxd4 4. Nxd4 Nf6 5. Nc3 a6 6. Be3 e5
7. Nb3 Be6 8. f3 Nbd7 9. g4 b5 10. g5 b4 11. Nd5 Nxd5 12. exd5
Bf5 13. Bd3 Bxd3 14. Qxd3 Be7 15. h4 O-O 16. O-O-O f5 17. gxf6
Nxf6 18. h5 Kh8 19. Kb1 a5 20. h6 g6 21. f4 a4 22. Nd2 Ra5
23. Nc4 Rxd5 24. Qe2 Qa8 25. fxe5 dxe5 26. Rdf1 Qa6 27. Bg5
Kg8 28. Rhg1 e4 29. Rg2 Rd4 30. b3 Nd5 31. Bxe7 Rxf1+ 32. Qxf1
Nxe7 33. Rf2 Rd8 34. Rf6 Qb5 35. bxa4 Qd5 36. Ne3 Qd4 37. Qa6
Nf5 38. Qe6+ Kh8 39. Nxf5 1/2-1/2

[Event "Sparkassen Match"]
[Site "Dortmund GER"]
[Date "2001.07.21"]
[EventDate "2001.07.12"]
[Round "9"]
[Result "1/2-1/2"]
[White "Arkadij Naiditsch"]
[Black "Almira Skripchenko"]
[WhiteElo "2524"]
[BlackElo "2494"]
[PlyCount "91"]

1. e4 c5 2. Nf3 e6 3. d4 cxd4 4. Nxd4 Nc6 5. Nb5 d6 6. c4 Nf6
7. N1c3 a6 8. Na3 Be7 9. Be2 O-O 10. O-O b6 11. Be3 Ne5 12. f3
Bb7 13. Qd4 Ned7 14. Rfd1 Re8 15. Qd2 Qc7 16. Rac1 Rac8
17. Kh1 Qb8 18. Bf1 h6 19. Nc2 Ne5 20. b3 Ned7 21. Nd4 Qa8
22. Bg1 Bf8 23. Nc2 Qb8 24. b4 Qc7 25. a3 Qb8 26. Nd4 Ba8
27. Nb3 Ne5 28. Qd4 Ned7 29. Na4 Rc6 30. Rb1 d5 31. exd5 exd5
32. c5 bxc5 33. bxc5 Qd8 34. Qc3 Nb8 35. Na5 Rce6 36. Nb6 Bc6
37. Bc4 Re5 38. Nxc6 Nxc6 39. Bxa6 d4 40. Qd3 Rxc5 41. Na4 Ra5
42. Bb5 Re6 43. Qc4 Qa8 44. Bxd4 Nxd4 45. Rxd4 Bxa3 46. Rbd1
1/2-1/2

[Event "Sparkassen Match"]
[Site "Dortmund GER"]
[Date "2001.07.22"]
[EventDate "2001.07.12"]
[Round "10"]
[Result "1/2-1/2"]
[White "Almira Skripchenko"]
[Black "Arkadij Naiditsch"]
[WhiteElo "2494"]
[BlackElo "2524"]
[PlyCount "42"]

1. e4 c5 2. Nf3 d6 3. d4 cxd4 4. Nxd4 Nf6 5. Nc3 a6 6. Be3 e5
7. Nb3 Be6 8. f3 Nbd7 9. g4 h6 10. Qd2 b5 11. O-O-O Nb6
12. Kb1 Rc8 13. Qf2 Nfd7 14. Nd5 Bxd5 15. exd5 Nc4 16. Bc1 g6
17. f4 Bg7 18. h4 exf4 19. Qxf4 Qf6 20. Qxf6 Nxf6 21. Bh3 Rc7
1/2-1/2

[Event "IV Pyramiden-Franken"]
[Site "Fuerth GER"]
[Date "2001.08.22"]
[EventDate "2001.08.18"]
[Round "5"]
[Result "1/2-1/2"]
[White "Arkadij Naiditsch"]
[Black "Oleg Romanishin"]
[WhiteElo "2524"]
[BlackElo "2579"]
[PlyCount "103"]

1. e4 e5 2. Nf3 Nc6 3. Bb5 a6 4. Bxc6 dxc6 5. O-O Qd6 6. Na3
Qe6 7. b3 Ne7 8. Nc4 Ng6 9. Bb2 f6 10. d4 exd4 11. Nxd4 Qg4
12. Qxg4 Bxg4 13. Ne3 Bd7 14. Ndf5 O-O-O 15. Rad1 Rg8 16. Rd2
Bb4 17. c3 Bc5 18. Rfd1 Ne5 19. b4 Bf8 20. f4 Nf7 21. a3 c5
22. Nd5 Bxf5 23. exf5 Bd6 24. g3 Nh6 25. Kf2 Nxf5 26. g4 Ne7
27. Kf3 Nxd5 28. Rxd5 Rge8 29. h4 Bf8 30. Rxd8+ Rxd8 31. Rxd8+
Kxd8 32. Ke4 Kd7 33. Kf5 Bd6 34. h5 Ke7 35. g5 Kf7 36. g6+
hxg6+ 37. hxg6+ Ke7 38. Bc1 cxb4 39. cxb4 c5 40. bxc5 Bxc5
41. a4 b5 42. axb5 axb5 43. Ke4 Kd7 44. Kd5 Be7 45. f5 b4
46. Bb2 b3 47. Kc4 Kc6 48. Bc3 Kd6 49. Bb2 Bd8 50. Kxb3 Kd5
51. Ba3 Ke5 52. Bf8 1/2-1/2

[Event "IV Pyramiden-Franken"]
[Site "Fuerth GER"]
[Date "2001.08.23"]
[EventDate "2001.08.18"]
[Round "6"]
[Result "0-1"]
[White "Reimund Aulinger"]
[Black "Arkadij Naiditsch"]
[WhiteElo "2130"]
[BlackElo "2524"]
[PlyCount "56"]

1. d4 Nf6 2. Nf3 e6 3. g3 d5 4. c4 dxc4 5. Bg2 a6 6. O-O Nc6
7. Ne5 Nxe5 8. dxe5 Qxd1 9. Rxd1 Nd7 10. Bf4 Rb8 11. a4 Bb4
12. Nd2 c3 13. bxc3 Bxc3 14. Rac1 Bxe5 15. Bxe5 Nxe5 16. Rxc7
O-O 17. Nb3 b5 18. a5 Nc4 19. Ra7 g5 20. Bf3 Kg7 21. Nc5 Nxa5
22. Rd6 Kg8 23. Bh5 b4 24. Nd7 Bxd7 25. Rdxd7 Nc6 26. Rxa6 b3
27. Rxc6 b2 28. Rd1 Rfc8 0-1

[Event "IV Pyramiden-Franken"]
[Site "Fuerth GER"]
[Date "2001.08.24"]
[EventDate "2001.08.18"]
[Round "7"]
[Result "1/2-1/2"]
[White "Arkadij Naiditsch"]
[Black "Klaus Bischoff"]
[WhiteElo "2524"]
[BlackElo "2541"]
[PlyCount "113"]

1. e4 Nf6 2. e5 Nd5 3. d4 d6 4. c4 Nb6 5. exd6 exd6 6. Nc3 Be7
7. Bd3 O-O 8. Nge2 Nc6 9. b3 Bf6 10. Be3 Ne7 11. Ne4 Nf5
12. Nxf6+ Qxf6 13. O-O Nxe3 14. fxe3 Qe7 15. Qd2 Bd7 16. Nc3
Rae8 17. Rae1 c6 18. a4 Bc8 19. a5 Na8 20. b4 Qd8 21. a6 b6
22. Be4 Bd7 23. Qc2 g6 24. b5 cxb5 25. Bxa8 Qxa8 26. Nd5 f5
27. Nc7 Qe4 28. Qa2 Re7 29. c5+ Be6 30. Nxe6 Qxe6 31. Qxe6+
Rxe6 32. cxb6 axb6 33. Ra1 Ra8 34. Rfb1 Rxe3 35. Rxb5 Re7
36. Rxb6 Rd7 37. Kf2 Kf7 38. h4 Ke6 39. Ra5 Rc7 40. Ke3 Raa7
41. Kf4 h6 42. d5+ Kd7 43. Ra4 Rc5 44. h5 gxh5 45. Rab4 Kc7
46. Rb7+ Rxb7 47. Rxb7+ Kc8 48. Rb2 Kc7 49. Rd2 Ra5 50. Kxf5
Kd7 51. Kg6 h4 52. Kh5 Rxa6 53. Kxh4 Ra1 54. Kh5 Rh1+ 55. Kg6
h5 56. Ra2 Rd1 57. Kxh5 1/2-1/2

[Event "WYB18"]
[Site "Oropesa del Mar ESP"]
[Date "2001.10.21"]
[EventDate "2001.10.06"]
[Round "1"]
[Result "0-1"]
[White "Justin Tan"]
[Black "Arkadij Naiditsch"]
[WhiteElo "2244"]
[BlackElo "2540"]
[PlyCount "62"]

1. e4 c5 2. Nf3 d6 3. c3 Nf6 4. Be2 Nbd7 5. d3 b6 6. O-O Bb7
7. Re1 e6 8. Bf1 Be7 9. Bg5 h6 10. Bh4 Rc8 11. Na3 O-O 12. Nd2
e5 13. c4 Nb8 14. Nc2 Nc6 15. Ne3 g6 16. Bg3 Nd4 17. f4 exf4
18. Bxf4 Kh7 19. g4 Nd7 20. Nf3 Nxf3+ 21. Qxf3 Ne5 22. Qh3 Bh4
23. Ng2 Bg5 24. Qg3 Bxf4 25. Qxf4 f5 26. gxf5 gxf5 27. exf5
Nf3+ 28. Kf2 Nxe1 29. Rxe1 Qf6 30. Re6 Qxe6 31. fxe6 Bxg2 0-1

[Event "WYB18"]
[Site "Oropesa del Mar ESP"]
[Date "2001.10.22"]
[EventDate "2001.10.06"]
[Round "2"]
[Result "1/2-1/2"]
[White "Arkadij Naiditsch"]
[Black "Dalibor Stojanovic"]
[WhiteElo "2540"]
[BlackElo "2378"]
[PlyCount "127"]

1. e4 e6 2. d4 d5 3. Nd2 c5 4. Ngf3 cxd4 5. exd5 Qxd5 6. Bc4
Qd6 7. O-O Nc6 8. Nb3 Nf6 9. Nbxd4 Nxd4 10. Nxd4 a6 11. Re1
Qc7 12. Bb3 Bd6 13. h3 Bf4 14. Bxf4 Qxf4 15. Nf3 O-O 16. Ne5
Qb4 17. Qf3 Bd7 18. g4 h6 19. h4 Bc6 20. Nxc6 bxc6 21. g5 hxg5
22. hxg5 Nd5 23. c4 Ne7 24. Re4 Qc5 25. Rg4 Rad8 26. Bc2 Rd2
27. Be4 Ng6 28. Rf1 Rb8 29. Rg2 Rbxb2 30. Bxg6 fxg6 31. Qe4
Kf7 32. Qf4+ Kg8 33. Qe4 Kf7 34. Qf3+ Kg8 35. Qe4 Kf7 36. Re1
Qf5 37. Qe3 c5 38. Qg3 Kg8 39. a4 Rb1 40. Rxb1 Qxb1+ 41. Kh2
Rd1 42. Qe5 Rh1+ 43. Kg3 Qd3+ 44. f3 Qxc4 45. Qe4 Qxe4
46. fxe4 Ra1 47. Rc2 Rxa4 48. Kf4 c4 49. Ke5 Kf7 50. Kd6 c3
51. Rxc3 Rxe4 52. Rf3+ Kg8 53. Ra3 Re1 54. Rxa6 e5 55. Kd5 e4
56. Rxg6 e3 57. Ke4 e2 58. Ke3 Kh7 59. Ra6 Rg1 60. Kxe2 Rxg5
61. Kf3 g6 62. Ra8 Rg1 63. Kf2 Rg4 64. Kf3 1/2-1/2

[Event "WYB18"]
[Site "Oropesa del Mar ESP"]
[Date "2001.10.23"]
[EventDate "2001.10.06"]
[Round "3"]
[Result "1/2-1/2"]
[White "Rustem Sadykov"]
[Black "Arkadij Naiditsch"]
[WhiteElo "2290"]
[BlackElo "2540"]
[PlyCount "120"]

1. e4 c5 2. Nf3 d6 3. d4 cxd4 4. Nxd4 Nf6 5. Nc3 a6 6. Be2 e5
7. Nb3 Be7 8. O-O O-O 9. Kh1 b5 10. a4 Bb7 11. Nd5 Nbd7
12. Nxe7+ Qxe7 13. f3 d5 14. Na5 Nc5 15. Nxb7 Qxb7 16. axb5
axb5 17. Rxa8 Rxa8 18. exd5 Nxd5 19. c4 bxc4 20. Bxc4 Nb6
21. Be2 Nba4 22. Qd6 Re8 23. Rd1 Nb3 24. Be3 h6 25. Ba6 Qe7
26. Bb5 Qxd6 27. Rxd6 Ra8 28. Bc6 Ra6 29. Rd8+ Kh7 30. Bb5 Ra5
31. Bc4 Nac5 32. h3 Kg6 33. Kh2 Ra4 34. Rd6+ f6 35. Bd5 Rb4
36. Rc6 Rb5 37. Rc7 Kh7 38. h4 h5 39. Bxc5 Rxc5 40. Be4+ Kh6
41. Rxc5 Nxc5 42. b4 Na4 43. Kg3 g6 44. Kf2 f5 45. Bc6 Nb6
46. b5 g5 47. g3 f4 48. hxg5+ Kxg5 49. Be8 fxg3+ 50. Kxg3 h4+
51. Kh3 Nc4 52. Bc6 Nb6 53. Bb7 Nc4 54. Bc8 Nb6 55. Be6 Kf4
56. Bg4 e4 57. fxe4 Kxe4 58. Kxh4 Kd4 59. Kg5 Kc5 60. Be2 Na4
1/2-1/2

[Event "WYB18"]
[Site "Oropesa del Mar ESP"]
[Date "2001.10.24"]
[EventDate "2001.10.06"]
[Round "4"]
[Result "1-0"]
[White "Arkadij Naiditsch"]
[Black "Nikola Djukic"]
[WhiteElo "2540"]
[BlackElo "2348"]
[PlyCount "39"]

1. e4 c5 2. Nf3 Nc6 3. d4 cxd4 4. Nxd4 Qc7 5. Nb5 Qb8 6. Bd3
Nf6 7. f4 e5 8. O-O a6 9. N5c3 exf4 10. Nd5 Nxd5 11. exd5 Bc5+
12. Kh1 Ne7 13. Bxf4 d6 14. Qe2 b5 15. Nd2 Qb7 16. Ne4 Qxd5
17. Rad1 Qe6 18. Bxd6 Bb6 19. Bxe7 Kxe7 20. Rxf7+ 1-0

[Event "WYB18"]
[Site "Oropesa del Mar ESP"]
[Date "2001.10.25"]
[EventDate "2001.10.06"]
[Round "5"]
[Result "0-1"]
[White "Vitaly Bachin"]
[Black "Arkadij Naiditsch"]
[WhiteElo "2442"]
[BlackElo "2540"]
[PlyCount "76"]

1. e4 c5 2. Nc3 d6 3. g3 Nc6 4. Bg2 g6 5. f4 Bg7 6. Nf3 Nf6
7. d3 O-O 8. O-O Rb8 9. h3 b5 10. g4 b4 11. Ne2 c4 12. Be3 Ba6
13. g5 cxd3 14. cxd3 Nd7 15. Rc1 Rc8 16. b3 Qa5 17. Rf2 Qb5
18. Ne1 e6 19. Bf1 Nc5 20. Ng3 Bd4 21. Bxd4 Nxd4 22. Rc4 e5
23. f5 Qd7 24. Rxb4 d5 25. exd5 Qxd5 26. Qg4 Rfe8 27. Qh4 e4
28. Rf4 Nxf5 29. Nxf5 gxf5 30. dxe4 Qd2 31. e5 Bxf1 32. Rxf1
Ne4 33. Ra4 Qe3+ 34. Kg2 Red8 35. Nf3 Qe2+ 36. Kg1 Rd3 37. Qf4
Rd1 38. Nh2 Rd2 0-1